ბათუმის შოთა რუსთაველის სახელმწიფო უნივერსიტეტის ბიბლიოთეკა

Технология металлов. Часть 2. Обработка металлов резанием и станки. (ბიბ.ჩანაწერი № 50916)

000 -LEADER
fixed length control field 00696nam a2200217Ia 4500
001 - CONTROL NUMBER
control field 17871
003 - CONTROL NUMBER IDENTIFIER
control field GE_BSU
008 - FIXED-LENGTH DATA ELEMENTS--GENERAL INFORMATION
fixed length control field 181216s||||||||xx |||||||||||||| ||und||
040 ## - CATALOGING SOURCE
Transcribing agency GE_BSU
080 ## - UNIVERSAL DECIMAL CLASSIFICATION NUMBER
Universal Decimal Classification number 621.793
100 ## - MAIN ENTRY--PERSONAL NAME
Personal name Хаймович,Я.М.
245 ## - TITLE STATEMENT
Title Технология металлов. Часть 2. Обработка металлов резанием и станки.
245 ## - TITLE STATEMENT
Statement of responsibility, etc. Под ред. Л.Е.Левинсона. Ред. А.А. Амитина.
260 ## - PUBLICATION, DISTRIBUTION, ETC.
Place of publication, distribution, etc. М.
260 ## - PUBLICATION, DISTRIBUTION, ETC.
Name of publisher, distributor, etc. Советская наука.
260 ## - PUBLICATION, DISTRIBUTION, ETC.
Date of publication, distribution, etc. 1941.
300 ## - PHYSICAL DESCRIPTION
Extent 559 стр. с илл. 26 см.
300 ## - PHYSICAL DESCRIPTION
Accompanying material Табл.
653 ## - INDEX TERM--UNCONTROLLED
Uncontrolled term Технология металлов.
942 ## - ADDED ENTRY ELEMENTS (KOHA)
Koha item type წიგნი
ეგზემპლარები
Withdrawn status Lost status Damaged status Not for loan Date acquired Barcode Date last seen Price effective from Koha item type
        2018-12-17 11075 2018-12-17 2018-12-17 წიგნი